| 000 | 00556nam a22001577a 4500 | ||
|---|---|---|---|
| 999 |
_c15494 _d15494 |
||
| 003 | OSt | ||
| 008 | 180925b ||||| |||| 00| 0 eng d | ||
| 082 |
_a631.56 _bCIY/DE |
||
| 100 |
_aCiya Paul _aSarath Kumar S _aSreejith C _93345 |
||
| 245 | _aDevelopment and performance evaluation of multi-fruit slicer cum dicer | ||
| 260 |
_aThavanur _bDepartment of food and agriculture process engineering _c2018 |
||
| 300 |
_a50 _eCD |
||
| 700 |
_aK.P Sudheer (Guide) _93238 |
||
| 856 | _uhttps://drive.google.com/open?id=1R2rEcmefM-LgkmPSc44qzwB8TCijpdgd | ||
| 942 | _cPR | ||